Países mais próximos de Seychelles - Statistics

Estatísticas Gerais
  • Esse quiz foi jogado 71 vezes
  • A pontuação média é 15 de 20
Estatísticas das Respostas
km país % Correto
288 Madagáscar
98%
341 Comores
90%
1159 Moçambique
90%
1209 Somália
90%
932 Quênia
87%
1178 Tanzânia
85%
354 Maurícia
82%
2261 Eritreia
80%
1484 Etiópia
80%
2125 Djibouti
79%
2226 Uganda
77%
2099 Zimbábue
77%
2279 Omã
75%
1915 Zâmbia
75%
1741 Malawi
74%
1790 Iémen
72%
1969 Maldivas
70%
2349 Índia
67%
2273 Rep Dem Congo
66%
351 França (Maiote)
16%
Nenhum quiz correspondente encontrado
Distribuição das Pontuações
Porcentagem de Pessoas com Cada Pontuação
Percentil de Números Respondidos
Sua Pontuação Histórica
Você não jogou esse quiz